00421 2200157 4500001002100000008004100021035002000062245004800082100001400130260002900144020001700173084001600190082001000206650003400216990001300250INLIS000000000000521 ind  a0010-0120000521 aSejarah Pahlawan-Pahlawan BangsacRahimsyah aRahimsyah aSurabaya:bAmelia,c2003 aNOISBN-00080 a923.5 RAH s a923.5 aSejarah Indonesia -- Pahlawan a11900033